<The> EU in Slovak political discourse - the neglected battlefield

Voľby do európskych inštitúcií na Slovensku v máji 2014 - analýza. Manifesty politických strán ako barometer úrovne rozhovorov. Kríza 2008 a analýza kvality napredovania v politických dialógoch na SR a v EÚ. Euroval, grécka dlhová kríza a solidarita. Postoje predstaviteľov V4 k vývoju v EÚ.

Saved in:
Bibliographic Details
Main Author: Gabrižová, Zuzana
Format: Book Chapter
Language:English
Subjects:
Tags: Add Tag
No Tags, Be the first to tag this record!

MARC

LEADER 00000naa a2200000 4500
001 0197581
005 20231208104111.4
041 0 |a eng 
044 |a SK 
245 1 0 |a <The> EU in Slovak political discourse - the neglected battlefield  |c Zuzana Gabrižová 
520 |a Voľby do európskych inštitúcií na Slovensku v máji 2014 - analýza. Manifesty politických strán ako barometer úrovne rozhovorov. Kríza 2008 a analýza kvality napredovania v politických dialógoch na SR a v EÚ. Euroval, grécka dlhová kríza a solidarita. Postoje predstaviteľov V4 k vývoju v EÚ. 
610 2 0 |a Slovensko 
610 2 0 |a Grécko 
610 2 0 |a Európska únia 
610 2 0 |a kríza hospodárska 
610 2 0 |a Vyšehradská štvorka 
610 2 0 |a voľby 
610 2 0 |a strany politické 
610 2 0 |a solidarita 
100 1 |a Gabrižová, Zuzana